000
00329nam a22001337a 4500
082
_a
891.4391 BUK
100
_a
Bukhari Karamat
245
_a
Yadoon ka perahan
260
_a
Lahore
_b
Classic and Mawra Publishers
_c
1994
300
_a
168
_b
H.B
650
_a
Yadoon ka perahan
700
_a
Karamat Bukhari
942
_c
BK
999
_c
490620
_d
490620